000 00901nas a2200301 4500
001 BR2012005448
003 BR-BrBNA
005 20231205120901.0
007 ta
008 230509b bl.|||p| |||| 00| 00por d
040 _aBR-BrBNA
_bpor
_cBiblioteca Nacional de Agricultura
041 _a(Pt)
072 _aJ11
100 1 _aBraz, R.F.
100 1 _aGalvão, J.C.C.
100 1 _aFinger, F.L.
100 1 _aMiranda, G.V.
100 1 _aPuiatti, M.
245 1 _aTeor de amido em espigas de milho-verde mantidas em diferentes condições de armazenamento
650 _aMILHO VERDE
650 _aPÓS-COLHEITA
650 _aARMAZENAMENTO
650 _aREFRIGERAÇÃO
650 _aAMIDO
773 0 _tRevista Brasileira de Milho e Sorgo (Brazil)
_xISSN 1676-689X
_g(Jan-Apr 2008), v. 7(1) p. 69-75
_wBR2012005448
909 _a202311
_bLúcia
_c55
_dLúcia Elande
942 _2AGRIS
_n0
_cANA
999 _c220794
_d220794